| 000 | 00947cam a2200253 4500 | ||
|---|---|---|---|
| 001 | ABS65480 | ||
| 008 | 020521n2002 000 0 eng u | ||
| 035 | _a(Sirsi) u118081 | ||
| 245 | _aDistribution property supplement | ||
| 260 | _c2002 | ||
| 490 |
_aEstates Gazette _v(0216) April 2002, 63-97(15) |
||
| 520 | _aCollection of articles on: distribution companies' location; development and investment in distribution sector;study of UK container ports; transport infrastructure impact; warehouses and local authorities; distribution sector occpier survey; European distribution sector and branding. | ||
| 590 | _aABS | ||
| 650 | _aDISTRIBUTION | ||
| 650 | _aDISTRIBUTION MARKET | ||
| 650 | _aDISTRIBUTION PROPERTY | ||
| 650 | _aCONTAINER PORTS | ||
| 650 | _aROAD DISTRIBUTION | ||
| 650 | _aWAREHOUSING | ||
| 650 | _aSHEDS | ||
| 650 | _aEUROPE | ||
| 690 | _aPROPERTY-COMMERCIAL PROPERTY-COMMERCIAL PROPERTY MARKET | ||
| 942 | _n0 | ||
| 999 |
_c70320 _d70320 |
||